Chinese Provinces by Clue - Statistics

General Stats
  • This quiz has been taken 29 times
  • The average score is 12 of 15
Answer Stats
Hint Answer % Correct
Portuguese, Casinos, Pearl River Delta Macau
100%
Dalai Lama, Himalayas, Autonomous Region Tibet
95%
Cantonese, Shenzhen, Highest population Guangdong
84%
Tropical, Special Economic Zone, Island Hainan
84%
Uyghurs, Taklamakan, Turkestan Xinjiang
84%
Forbidden City, Tianamen Square, Olympics Beijing
79%
Jackie Chan, Umbrella Movement, Kowloon Hong Kong
79%
Gobi, Genghis Khan, Xanadu Inner Mongolia
79%
Manchuria, Ice Festival, Amur Heilongjiang
74%
Three Gorges dam, Covid-19, Red cliffs Hubei
74%
Pepper, 2008 Earthquake, Pandas Sichuan
74%
Terracotta Army, Xi'an, Long March destination Shaanxi
68%
Yangtze mouth, Stock exchange, Municipality Shanghai
68%
Shaolin, Birthplace of Chinese civilization, Tai chi Henan
63%
Confucius, Qingdao, Boxer rebellion Shandong
58%
No matching quizzes found
Score Distribution
Percent of People with Each Score
Percentile by Number Answered
Your Score History
You have not taken this quiz